000 00660nam a2200265Ia 4500
005 20260121165228.0
008 008 260114s9999 xx 000 0 eng d
020 _a9783319390659
037 _aEBOOK
040 _aCRL
040 _beng
040 _cCRL
041 _2eng
041 _aeng
084 _qCRL
100 _aRegina Y. Liu, Joseph W. McKean
_91049102
245 0 _aRobust Rank-Based and Nonparametric Methods
260 _bSpringer
260 _bSpringer
260 _c2016
856 _uhttps://link.springer.com/openurl?genre=book&isbn=978-3-319-39065-9
942 _cEBOOK
999 _c1614827
_d1614827